Ponencia

Đã lưu trong:
Chi tiết về thư mục
Tác giả của công ty: CODEFAM
Định dạng: Texto
Được phát hành: San Salvador: CODEFAM
Các nhãn: Thêm thẻ
Không có thẻ, Là người đầu tiên thẻ bản ghi này!

MARC

LEADER 00000 a a2200000 04500
001 21746
003
040
090 |a 097300  
110 |a CODEFAM  
245 |a Ponencia  
260 |a San Salvador:   |b CODEFAM  
300 |a 4 p.  
999 |c 6662  |d 6662